El ordenamiento territorial entre mutaciones políticas y transformaciones económicas /

Gardado en:
Detalles Bibliográficos
Autor Principal: Boino, Paul
Formato: Texto
Materias:
Etiquetas: Engadir etiqueta
Sen Etiquetas, Sexa o primeiro en etiquetar este rexistro!

MARC

LEADER 00000 a a2200000 04500
001 13698
003
040
100 |a Boino, Paul  
245 |a El ordenamiento territorial entre mutaciones políticas y transformaciones económicas /  |c Paul Boino 
650 |a PLANIFICACION TERRITORIAL  
650 |a GEOGRAFIA  
650 |a POLITCA  
650 |a NACION  
650 |a FRANCIA  
773 |g volumen 84, número 2; páginas 117-144  
999 |c 23211  |d 23211